[Event "Krakow Winter op-A"]
[Site "Krakow"]
[Date "2022.01.17"]
[Round "5"]
[White "Golenia, Wojciech"]
[Black "Mirski, Michal"]
[Result "1/2-1/2"]
[WhiteElo "2059"]
[BlackElo "2039"]
[PlyCount "64"]
[EventDate "2022.01.15"]
[EventType "swiss"]
[EventRounds "9"]
[EventCountry "POL"]
[SourceTitle "CBM 206 Extra"]
[Source "ChessBase"]
[SourceDate "2022.03.31"]
[SourceVersion "1"]
[SourceVersionDate "2022.03.31"]
[SourceQuality "1"]

1. c4 c5 2. Nc3 Nc6 3. g3 g6 4. Bg2 Bg7 5. b3 Nf6 6. Bb2 0-0 7. e3 d6 8. Nge2 Bg4 9. h3 Bf5 10. d4 Qc8 11. a3 Rb8 12. d5 Na5 13. g4 Bd7 14. a4 a6 15. g5 Ne8 16. h4 Qd8 17. Bh3 Bxh3 18. Rxh3 b5 19. axb5 axb5 20. cxb5 c4 21. b4 Nb3 22. Ra6 Rxb5 23. Nxb5 Qc8 24. Bxg7 Nxg7 25. Rc6 Qxh3 26. Nf4 Qh1+ 27. Ke2 Nc1+ 28. Kd2 Nb3+ 29. Ke2 Nc1+ 30. Kd2 Nb3+ 31. Ke2 Nc1+ 32. Kd2 Nb3+ 1/2-1/2

[Event "Poronin Tatra Limba op"]
[Site "Poronin"]
[Date "2022.01.10"]
[Round "8"]
[White "Mirski, Michal"]
[Black "Smietanska, Wiktoria"]
[Result "1-0"]
[WhiteElo "2039"]
[BlackElo "1855"]
[PlyCount "119"]
[EventDate "2022.01.06"]
[EventType "swiss"]
[EventRounds "9"]
[EventCountry "POL"]
[SourceTitle "CBM 206 Extra"]
[Source "ChessBase"]
[SourceDate "2022.03.31"]
[SourceVersion "1"]
[SourceVersionDate "2022.03.31"]
[SourceQuality "1"]

1. Nf3 Nf6 2. d4 g6 3. Nc3 d5 4. Bf4 Bg7 5. h3 0-0 6. e3 e6 7. Bd3 a6 8. 0-0 Nbd7 9. Qe2 Re8 10. e4 dxe4 11. Nxe4 Nxe4 12. Bxe4 c5 13. dxc5 Nxc5 14. c3 Nxe4 15. Qxe4 Qb6 16. Qa4 Qc6 17. Qxc6 bxc6 18. Be5 f6 19. Bc7 e5 20. Rfd1 Ra7 21. Ba5 Be6 22. b3 Bf8 23. Rd2 Rb7 24. c4 Kf7 25. Rad1 Bc5 26. Kf1 Ke7 27. Ke2 Reb8 28. Ne1 Bd4 29. f4 c5 30. Nf3 h6 31. Re1 Re8 32. Kf1 Kf7 33. Rde2 Rbe7 34. fxe5 fxe5 35. Nxd4 cxd4 36. Bb4 Rb7 37. Bd6 Bf5 38. Rxe5 Rxe5 39. Bxe5 Rd7 40. Ke2 h5 41. h4 d3+ 42. Kd2 Re7 43. g3 Re6 44. b4 Ke7 45. Kc3 Kd7 46. a4 Kc6 47. b5+ axb5 48. axb5+ Kb7 49. Re3 Re8 50. Bf4 Rxe3 51. Bxe3 Be4 52. c5 Bf5 53. Kb4 d2 54. Bxd2 Bd3 55. c6+ Kb6 56. Be3+ Kc7 57. Kc5 Kc8 58. b6 Bf5 59. b7+ Kb8 60. Kb6 1-0

[Event "Poronin Tatra Limba op"]
[Site "Poronin"]
[Date "2022.01.06"]
[Round "2"]
[White "Mirski, Michal"]
[Black "Golubka, Petr"]
[Result "0-1"]
[WhiteElo "2039"]
[BlackElo "2406"]
[PlyCount "146"]
[EventDate "2022.01.06"]
[EventType "swiss"]
[EventRounds "9"]
[EventCountry "POL"]
[SourceTitle "CBM 206 Extra"]
[Source "ChessBase"]
[SourceDate "2022.03.31"]
[SourceVersion "1"]
[SourceVersionDate "2022.03.31"]
[SourceQuality "1"]

1. e4 g6 2. d4 Bg7 3. Nc3 a6 4. a4 e6 5. f4 d5 6. Nf3 c5 7. e5 cxd4 8. Nxd4 Nc6 9. Be3 Nge7 10. Qd2 Bd7 11. Nb3 Na5 12. Nc5 Nf5 13. Bf2 Bc6 14. b3 0-0 15. h4 d4 16. Ne2 b6 17. Nd3 b5 18. Nb4 bxa4 19. Nxc6 Nxc6 20. Rxa4 a5 21. Nxd4 Ncxd4 22. Bxd4 Nxd4 23. Rxd4 Qb6 24. Rh3 Rfc8 25. Rc3 Bf8 26. Rxc8 Rxc8 27. Bc4 a4 28. bxa4 Bc5 29. a5 Qb1+ 30. Qd1 Qb4+ 31. Qd2 Qxd2+ 32. Rxd2 Bb4 33. Bd3 Bxa5 34. Ke2 Bxd2 35. Kxd2 f6 36. exf6 Kf7 37. g4 Kxf6 38. Ke3 e5 39. f5 g5 40. h5 h6 41. Ke4 Rc3 42. Kd5 Ra3 43. Ke4 Ra1 44. Ke3 Re1+ 45. Kf2 Ra1 46. Be4 Ra4 47. Ke3 Ke7 48. Kf3 Kd6 49. Ke3 Ra3+ 50. Bd3 Kd5 51. c4+ Kd6 52. Ke4 Rc3 53. Be2 Rc1 54. Bd3 Re1+ 55. Kf3 Kc5 56. f6 Kd6 57. Bf5 Rc1 58. f7 Ke7 59. Ke4 Rxc4+ 60. Kxe5 Rc6 61. Bg6 Rf6 62. Bf5 Rxf7 63. Kd5 Rf8 64. Ke5 Ra8 65. Be4 Ra5+ 66. Bd5 Rb5 67. Ke4 Kf6 68. Bc6 Rb4+ 69. Kf3 Rf4+ 70. Kg3 Ke5 71. Bb7 Rb4 72. Bc6 Rb3+ 73. Bf3 Ra3 0-1